| 000 | 00953naa a2200385Ia 4500 | ||
|---|---|---|---|
| 001 | 6177 | ||
| 008 | 191123s9999 xx 000 0 und d | ||
| 041 | _aspa | ||
| 044 | _aag | ||
| 100 | _aCastagna, Rodolfo, | ||
| 260 |
_aBuenos Aires : _b[s.n.], _c1945. |
||
| 300 | _a2 p. | ||
| 650 | _aARMONIA | ||
| 650 | _aCANON TIBURTIUS | ||
| 650 | _aCOMPOSICION | ||
| 650 | _aESCULTURA | ||
| 650 | _aKELSCH, TIBURCIO | ||
| 650 | _aLEY DE ISOCEFALIA | ||
| 650 | _aLEY DE LAS ANUNCIACIONES | ||
| 650 | _aLEY DE LAS MADONAS | ||
| 650 | _aLEY DE RETRATO CLASICO | ||
| 650 | _aPINTURA | ||
| 650 | _aPUNTOS ARMONICOS | ||
| 650 | _aRITMO | ||
| 902 | _aM | ||
| 903 | _aa | ||
| 904 | _aam | ||
| 907 | _aImpreso | ||
| 911 | _a2 láminas b/n; 32 cm | ||
| 912 | _a1945 | ||
| 942 | _cANALITICA | ||
| 999 |
_c4350 _d4350 |
||
| 490 | 0 |
_aEl Patio : _bpublicación sobre artes plásticas. |
|
| 245 | 0 | _aCanon Tiburtius: de composición, armonía y ritmo | |